000 01321nam0a2200373 4500
001 RU\NLR\BIBL_A\012594079
005 20211123130319.0
010 _a978-5-0051-8344-6
021 _aRU
_bКН-П-21-031504
_9КН-П-21-2447
035 _a(NLR Aleph) 012594079
090 _a12561359
_c12561359
100 _a20210910d2020 d y0rusy50 ca
101 0 _arus
102 _aRU
105 _ay z 000zy
181 0 _ai
_baxxe
182 0 _an
200 1 _aДоходы и риски
_eв поисках баланса
_fИгорь Сулькис, Сергей Закатий
203 _aТекст
_bвизуальный
_cнепосредственный
210 _a[Б. м.]
_cИздательские решения
_d2020
215 _a147, [5] с.
_d21
320 _aБиблиогр.: с. 147
333 _a12+
606 1 _aДоходы
_xУчет
_92248535
_3RU\NLR\AUTH\661348864
606 1 _aРиски финансовые
_92102088
_3RU\NLR\AUTH\661271209
686 1 _aУ052.9(2)226.15
686 1 _aУ26(2)-21
700 1 _aСулькис
_bИ. Г.
_gИгорь Григорьевич
701 1 _aЗакатий
_bС. В.
_gСергей Владимирович
942 _cBOOK
980 _aNBR
980 _aNB